[Event "Chess.com SIG Bullet KO"]
[Site "chess.com INT"]
[Date "2021.04.07"]
[Round "2.6"]
[White "Firouzja,Alireza"]
[Black "Nakamura,Hi"]
[Result "1-0"]
[WhiteElo "2759"]
[BlackElo "2736"]

1.e4 g6 2.d4 Bg7 3.Nc3 a6 4.f4 c6 5.Nf3 d5 6.e5 Bg4 7.Be3 h5 8.h3 Bxf3 9.Qxf3 e6
10.g4 Qh4+ 11.Bf2 hxg4 12.Qd3 Qd8 13.O-O-O Nd7 14.Kb1 Qc7 15.h4 Ne7 16.Be2 g3
17.Bxg3 O-O-O 18.h5 Kb8 19.hxg6 Nxg6 20.f5 exf5 21.Qxf5 Nb6 22.a3 Ka7 23.Rhf1 Rdf8
24.Qg4 Qd7 25.Qxd7 Nxd7 26.Bd3 Ne7 27.Rh1 Nb6 28.Bh4 Ng6 29.Bg5 Nc4 30.Bxc4 dxc4
31.Ne4 b5 32.c3 a5 33.Rhf1 Rh2 34.Nd6 Rg2 35.Bc1 Kb6 36.Nxf7 Ne7 37.Ng5 Rxf1
38.Rxf1 Nd5 39.Ne6 b4 40.axb4 axb4 41.cxb4 Nxb4 42.Nxg7 Rxg7 43.Bd2 Nd5 44.Rf2 Rg1+
45.Kc2 Rg4 46.Bc3 Re4 47.Kd2 Re3 48.Re2 Rd3+ 49.Kc2 Kc7 50.e6 Ne3+ 51.Kb1 Kd6
52.e7 Kd7 53.e8=Q+ Kxe8 54.Bd2 Rxd4 55.Bxe3 Rd3 56.Kc2 Kf7 57.Bd2 Rf3 58.Bc3 Rf5
59.Re4 Rc5 60.Rd4 Ke6 61.Rd2 Rf5 62.Kb1 c5 63.Ka2 Rf8 64.Kb1 Ra8 65.Kc2 Rc8
66.Rd1 Rb8 67.Re1+ Kd5 68.Rd1+ Kc6 69.Bd2 Rd8 70.Bc1 Rd5 71.Rxd5  1-0

[Event "Chess.com SIG Bullet KO"]
[Site "chess.com INT"]
[Date "2021.04.07"]
[Round "2.1"]
[White "Nakamura,Hi"]
[Black "Firouzja,Alireza"]
[Result "1-0"]
[WhiteElo "2736"]
[BlackElo "2759"]

1.e4 c5 2.Nf3 e6 3.c3 Nf6 4.e5 Nd5 5.d4 cxd4 6.cxd4 d6 7.Bd3 Nc6 8.O-O Be7
9.Qe2 O-O 10.Rd1 Bd7 11.Nc3 Nxc3 12.bxc3 d5 13.g3 Rc8 14.h4 h6 15.Bc2 f5
16.exf6 Rxf6 17.Qd3 Rf5 18.g4 Rxf3 19.Qxf3 Bxh4 20.Qd3 Bf6 21.f4 Qb6 22.Be3 Ne7
23.g5 Bb5 24.Qh7+ Kf7 25.gxf6 Kxf6 26.Bf2 Kf7 27.Rab1 Rxc3 28.a4 Qc7 29.Rxb5 Qxf4
30.Rb3 Qg4+ 31.Kf1 Qh3+ 32.Ke1 Rxb3 33.Bxb3 Qc3+ 34.Ke2 Qxb3 35.Qd3 Qxa4
36.Qf3+ Nf5 37.Qd3 Qc6 38.Rb1 Qd7 39.Qb5  1-0

[Event "Chess.com SIG Bullet KO"]
[Site "chess.com INT"]
[Date "2021.04.07"]
[Round "2.13"]
[White "Nakamura,Hi"]
[Black "Firouzja,Alireza"]
[Result "1-0"]
[WhiteElo "2736"]
[BlackElo "2759"]

1.e4 c6 2.Nc3 d5 3.Nf3 dxe4 4.Nxe4 Nf6 5.Ng3 g6 6.Bc4 Bg7 7.O-O O-O 8.d4 Bg4
9.c3 Nbd7 10.Re1 e6 11.h3 Bxf3 12.Qxf3 a5 13.a4 Nb6 14.Bb3 Nbd5 15.Bg5 Qb6
16.Qd1 Rfe8 17.Qc2 Rad8 18.Ne4 h6 19.Bd2 Nxe4 20.Rxe4 Nf6 21.Re2 Nd5 22.Rae1 Ne7
23.Bc1 Nf5 24.Bc4 Qc7 25.Bd3 c5 26.Bxf5 gxf5 27.dxc5 Qxc5 28.Qb3 Qc6 29.Be3 Rd5
30.c4 Rd7 31.Qb5 Qxb5 32.cxb5 Rc8 33.Bb6 Rc4 34.b3 Rb4 35.Re3 Bd4 36.Rg3+ Kh7
37.Bxa5 Bc5 38.Bxb4 Bxb4 39.Rc1  1-0

[Event "Chess.com SIG Bullet KO"]
[Site "chess.com INT"]
[Date "2021.04.07"]
[Round "2.7"]
[White "Nakamura,Hi"]
[Black "Firouzja,Alireza"]
[Result "0-1"]
[WhiteElo "2736"]
[BlackElo "2759"]

1.b3 Nf6 2.Bb2 g6 3.Nf3 Bg7 4.d4 O-O 5.g3 d6 6.Bg2 Nbd7 7.O-O a5 8.Re1 a4
9.e4 axb3 10.axb3 Rxa1 11.Bxa1 c6 12.e5 dxe5 13.dxe5 Nd5 14.c4 Nc7 15.Nc3 Nc5
16.Qb1 Bf5 17.Qa2 Qa8 18.Nd4 Qxa2 19.Nxa2 Ra8 20.Nxf5 gxf5 21.Nb4 Nxb3 22.Bc3 Ne6
23.Bh3 Ng5 24.Bg2 Nc5 25.h4 Nge4 26.Bd4 Ra4 27.Rb1 Ne6 28.Be3 Nc3 29.Rb3 Bxe5
30.Nd3 Bd4 31.Rxb7 Bxe3 32.fxe3 Ra1+ 33.Kh2 Kf8 34.Ne5 Ra2 35.Nxc6 Nd1 36.Kh3 Nxe3
37.Bf3 Rf2 38.Ne5 Nd4 39.Bd5 h5 40.Rb1 Ng4  0-1

[Event "Chess.com SIG Bullet KO"]
[Site "chess.com INT"]
[Date "2021.04.07"]
[Round "2.15"]
[White "Nakamura,Hi"]
[Black "Firouzja,Alireza"]
[Result "0-1"]
[WhiteElo "2736"]
[BlackElo "2759"]

1.b3 e5 2.Bb2 Nc6 3.e3 Nf6 4.Bb5 Bd6 5.Na3 Be7 6.Nc4 d6 7.Bxc6+ bxc6 8.Ne2 Be6
9.O-O Rb8 10.d3 O-O 11.Nd2 Nd5 12.Ng3 f5 13.e4 Nf4 14.exf5 Bxf5 15.Nxf5 Rxf5
16.g3 Ne6 17.Qe2 Qd7 18.Rae1 Rbf8 19.f4 Bf6 20.Nc4 Nd4 21.Bxd4 exd4 22.g4 Rc5
23.b4 Rb5 24.a3 c5 25.g5 Bd8 26.bxc5 Rxc5 27.Qe4 Rcf5 28.Qxd4 d5 29.Ne3 c6
30.Kh1 Bb6 31.Qa4 Bxe3 32.Rxe3 Rxg5 33.Qd4 Rgf5 34.Rg3 R5f7 35.Qe3 Qe7 36.Qxe7 Rxe7
37.Kg2 h6 38.f5 Ref7 39.Rg6 Rf6 40.h4 Rxg6+ 41.fxg6 Rxf1 42.Kxf1 Kf8 43.Kf2 Ke7
44.Ke3 Kf6 45.Kd4 Kxg6 46.Kc5 Kf5 47.Kxc6 g5 48.hxg5 hxg5 49.c4 dxc4 50.dxc4 g4
51.Kb7 g3 52.c5 g2 53.c6 g1=Q 54.c7 Qb6+ 55.Ka8 Qxc7  0-1

[Event "Chess.com SIG Bullet KO"]
[Site "chess.com INT"]
[Date "2021.04.07"]
[Round "2.16"]
[White "Firouzja,Alireza"]
[Black "Nakamura,Hi"]
[Result "1-0"]
[WhiteElo "2759"]
[BlackElo "2736"]

1.e4 d5 2.exd5 Qxd5 3.Nc3 Qa5 4.d4 c6 5.Nf3 Nf6 6.Bc4 Bg4 7.h3 Bh5 8.Bd2 e6
9.Qe2 Nbd7 10.O-O-O Bb4 11.g4 Bg6 12.Kb1 O-O-O 13.Nh4 Bxc3 14.Bxc3 Qc7 15.Nxg6 hxg6
16.Bb3 Nd5 17.Bd2 c5 18.c3 cxd4 19.cxd4 Kb8 20.Bxd5 exd5 21.Qf3 Ka8 22.Qxf7 Qb6
23.Qxd5 Nf6 24.Qb3 Qxb3 25.axb3 Rxd4 26.Bc3 Rf4 27.Bxf6 gxf6 28.Rd2 Rxg4
29.hxg4 Rxh1+ 30.Ka2 Kb8 31.Rd6 Rg1 32.f3 g5 33.Rxf6 Rg3 34.Rf5 Kc7 35.b4 Kc6
36.Kb3 b5 37.Kc3 a6 38.Kd4 Rg2 39.Rxg5 Rxb2 40.Rg6+ Kd7 41.Kc5 Rc2+ 42.Kb6 Rb2
43.Kxa6 Rxb4 44.Rf6 Ke7 45.Rf5 Ke6 46.Rxb5 Rf4 47.Rb3 Ke5 48.Kb5 Rf7 49.Kc4 Kf4
50.Kd5 Rd7+ 51.Ke6 Ra7 52.Kf6 Ra6+ 53.Kg7 Ra5 54.Kh6 Ra4 55.g5  1-0

[Event "Chess.com SIG Bullet KO"]
[Site "chess.com INT"]
[Date "2021.04.07"]
[Round "2.17"]
[White "Nakamura,Hi"]
[Black "Firouzja,Alireza"]
[Result "1-0"]
[WhiteElo "2736"]
[BlackElo "2759"]

1.b3 e5 2.Bb2 Nc6 3.e3 Nf6 4.Nf3 e4 5.Nd4 Bc5 6.Nxc6 dxc6 7.d3 exd3 8.Bxd3 O-O
9.Nd2 Re8 10.O-O Bd6 11.Nf3 h6 12.h3 Be6 13.Re1 Qe7 14.e4 Bb4 15.c3 Bc5 16.Qc2 Rad8
17.Nd4 Nh5 18.Rad1 Nf4 19.Bf1 Qg5 20.Kh1 Ng6 21.Bc1 Qf6 22.Be3 Bd6 23.g3 c5
24.Nxe6 Qxe6 25.Bg2 Qc8 26.f4 Bf8 27.e5 b6 28.Qf2 Ne7 29.g4 Rxd1 30.Rxd1 Rd8
31.Rf1 Nd5 32.Bd2 Qd7 33.f5 f6 34.e6 Qe8 35.c4 Nb4 36.Be3 Bd6 37.Qe2 Kh7
38.Rd1 Nc6 39.Qf3 Ne5 40.Qe4 Be7 41.Rd5 Bd6 42.h4 a5 43.Kg1 c6 44.Rd2 Bc7
45.g5 Rxd2 46.g6+ Kg8 47.Bxd2 Qd8 48.Qe3 Kf8 49.Kf1 Ke7 50.Ke2 Qd6 51.Qe4 Qd4
52.Qxd4 cxd4 53.Bxh6 Kf8 54.Bxg7+ Ke7 55.Bh6 Ng4 56.Bd2 d3+ 57.Kxd3 Ne5+
58.Ke4 Kf8 59.h5 Ng4 60.h6 Nf2+ 61.Kf3 Nd3 62.h7 Ne5+ 63.Ke4 Kg7 64.e7 Nd7
65.h8=Q+ Kxh8 66.e8=Q+ Kg7 67.Qxd7+ Kf8 68.Qf7+  1-0

[Event "Chess.com SIG Bullet KO"]
[Site "chess.com INT"]
[Date "2021.04.07"]
[Round "2.18"]
[White "Firouzja,Alireza"]
[Black "Nakamura,Hi"]
[Result "1-0"]
[WhiteElo "2759"]
[BlackElo "2736"]

1.e4 g6 2.d4 Bg7 3.Nc3 d6 4.f4 a6 5.Nf3 b5 6.Bd3 Nd7 7.O-O c5 8.Be3 cxd4
9.Nxd4 Bb7 10.a4 b4 11.Nd5 Ngf6 12.Qf3 O-O 13.Nxb4 Nc5 14.Nd5 e6 15.Nxf6+ Bxf6
16.b4 Nxd3 17.cxd3 Rc8 18.Rac1 Qd7 19.b5 axb5 20.axb5 Bg7 21.h3 e5 22.Nc6 Bxc6
23.bxc6 Rxc6 24.Rxc6 Qxc6 25.f5 f6 26.Qg4 g5 27.h4 h6 28.hxg5 hxg5 29.Rc1 Qb5
30.Qe2 d5 31.Qc2 d4 32.Bd2 Kh7 33.Kf2 Rb8 34.Rh1+ Kg8 35.Qa2+ Qb3 36.Qxb3+ Rxb3
37.Ke2 Rb2 38.Rc1 Bf8 39.Kd1 Rb3 40.Ke2 Rb2 41.Kd1 Ra2 42.Rc2 Ra3 43.Ke2 Kf7
44.Rb2 Bd6 45.Rb6 Be7 46.Rb7 Ra2 47.Kd1 Ke8 48.Rb8+ Bd8 49.Bb4 Kd7 50.Rb7+ Bc7
51.Bd2 Kc6 52.Rb1 Bd6 53.Rc1+ Kb5 54.Rc2 Ra1+ 55.Rc1 Ra3 56.Rb1+ Kc6 57.Ke2 Ra2
58.Rc1+ Kd7 59.Kd1 Ba3 60.Rc2 Ra1+ 61.Ke2 Be7 62.Kf2 Rb1 63.Ke2 Rb3 64.Rc1 g4
65.Rc4 Rb2 66.Ra4 Rc2 67.Ra7+ Ke8 68.Ra6 Rb2 69.Re6 Kf7 70.Kd1 Bb4 71.Bxb4 Rb1+
72.Kc2 Rxb4 73.Ra6 Rb7 74.Ra2 Rc7+ 75.Kd2 g3 76.Rc2 Kg7 77.Ke2 Kh6 78.Rxc7 Kg5
79.Rf7 Kh6 80.Rxf6+ Kg5 81.Re6 Kf4 82.Re7 Kg5 83.Rxe5 Kf6 84.Rd5 Kg5 85.Rxd4 Kf6
86.Rd8 Ke5 87.Rg8 Kf6 88.Rxg3  1-0

[Event "Chess.com SIG Bullet KO"]
[Site "chess.com INT"]
[Date "2021.04.07"]
[Round "2.8"]
[White "Firouzja,Alireza"]
[Black "Nakamura,Hi"]
[Result "0-1"]
[WhiteElo "2759"]
[BlackElo "2736"]

1.d4 g6 2.e4 Bg7 3.Nc3 c6 4.f4 d5 5.e5 h5 6.Be3 Nh6 7.Nf3 Bg4 8.Bd3 Nf5 9.Bf2 e6
10.g3 h4 11.Rg1 hxg3 12.hxg3 Nd7 13.Be2 Qe7 14.Qd3 O-O-O 15.O-O-O Kb8 16.Ng5 Bxe2
17.Nxe2 c5 18.g4 Nxd4 19.Nxd4 cxd4 20.Bxd4 Rc8 21.Kb1 Bh6 22.Nh3 Bg7 23.c3 Nc5
24.Qe3 b6 25.Ng5 Bh6 26.Nf3 Ne4 27.Rh1 Bg7 28.Nd2 Nxd2+ 29.Qxd2 f5 30.exf6 Bxf6
31.a3 Qf7 32.Qe3 Kb7 33.Rhe1 Rce8 34.Re2 Rhf8 35.Rf1 Bd8 36.Be5 g5 37.Ref2 Qg6+
38.Ka2 gxf4 39.Rxf4 Bg5 40.Qd4 Bxf4 41.Rxf4 Rxf4 42.Qxf4 Re7 43.Qf8 Qe8 44.Qf6 Rf7
45.Qg6 Re7 46.Qf6 Qf7 47.Qh8 Re8 48.Qh3 Rg8 49.Qe3 Qg6 50.Bf4 Qe4 51.Qg3 Qc4+
52.Ka1 e5 53.Bxe5 Rxg4 54.Qf2 Qe4 55.Qf7+ Ka6 56.Bd4 Qd3 57.Ka2 Qc4+ 58.Kb1 Re4
59.Qf2 Re2 60.Qf7 Qd3+ 61.Ka2 Qc4+ 62.Kb1 Qb3 63.c4 Re1+  0-1

[Event "Chess.com SIG Bullet KO"]
[Site "chess.com INT"]
[Date "2021.04.07"]
[Round "2.9"]
[White "Nakamura,Hi"]
[Black "Firouzja,Alireza"]
[Result "1-0"]
[WhiteElo "2736"]
[BlackElo "2759"]

1.e4 c6 2.Nc3 d5 3.Nf3 dxe4 4.Nxe4 Nf6 5.Ng3 Nbd7 6.Bc4 e6 7.Qe2 Be7 8.d4 O-O
9.O-O b5 10.Bd3 a6 11.a4 Bb7 12.c3 Qc7 13.Be3 Rfd8 14.Rfd1 Nd5 15.Bd2 Nf4
16.Bxf4 Qxf4 17.Be4 Nf6 18.Ne5 Nxe4 19.Nxe4 Rd5 20.g3 Qf5 21.b4 Rad8 22.f4 f6
23.Nf3 h5 24.Nc5 Bxc5 25.bxc5 Bc8 26.Re1 Qg4 27.Kg2 h4 28.Nxh4 Qxe2+ 29.Rxe2 b4
30.cxb4 Rxd4 31.Rb1 Bd7 32.Nf3 Rd5 33.Rc2 e5 34.Rc3 Bf5 35.Re1 e4 36.Nh4 Rd2+
37.Kg1 Bh3 38.f5 Ra2 39.Rce3 Rxa4 40.Rxe4 Rb8 41.Ng6 Raxb4 42.Rxb4 Rxb4 43.Re8+  1-0

[Event "Chess.com SIG Bullet KO"]
[Site "chess.com INT"]
[Date "2021.04.07"]
[Round "2.10"]
[White "Firouzja,Alireza"]
[Black "Nakamura,Hi"]
[Result "1-0"]
[WhiteElo "2759"]
[BlackElo "2736"]

1.d4 g6 2.e4 Bg7 3.Nc3 c6 4.f4 d5 5.e5 h5 6.h3 h4 7.Nf3 Bf5 8.Be3 e6 9.Be2 Bf8
10.O-O Nd7 11.Bf2 Be7 12.Qd2 Be4 13.Nxe4 dxe4 14.Ng5 Bxg5 15.fxg5 Ne7 16.Qf4 Nf5
17.c3 Nb6 18.Bg4 e3 19.Be1 Nd5 20.Qe4 Qxg5 21.c4 Nde7 22.Bc3 O-O-O 23.Rf3 Ng3
24.Qxe3 Qxe3+ 25.Rxe3 Nef5 26.Rd3 Ne4 27.Re1 Nxc3 28.bxc3 Rd7 29.Rb1 Rhd8
30.c5 Kc7 31.Rf3 b6 32.cxb6+ axb6 33.Rf4 Ng3 34.Bf3 c5 35.dxc5 bxc5 36.Rc4 Rc8
37.Rxc5+ Kd8 38.Rxc8+ Kxc8 39.Rb4 Rd2 40.Rxh4 Rxa2 41.Rh7 Nf5 42.Rxf7 Kd8
43.Rf6 Ke7 44.Rxg6 Kf7 45.Rf6+ Ke7 46.Bg4 Ne3 47.Rxe6+ Kf7 48.Rf6+ Kg7 49.Bf3 Rc2
50.Kh2 Rxc3 51.Rf4 Kg6 52.Re4 Nf1+ 53.Kg1 Ng3 54.Rg4+ Kf5 55.Rxg3 Kxe5 56.Rg4 Kf5
57.Kf2 Rc2+ 58.Kg3 Ra2 59.h4 Kf6 60.Rg5 Ra4 61.Rg4 Kf5 62.Rxa4 Ke5 63.Ra5+ Kf6
64.h5 Ke6 65.Kg4 Kf6 66.h6 Kg6 67.Ra6+ Kf7 68.Kg5 Ke7 69.h7 Kf7 70.h8=Q Ke7
71.Qh7+  1-0

[Event "Chess.com SIG Bullet KO"]
[Site "chess.com INT"]
[Date "2021.04.07"]
[Round "2.11"]
[White "Nakamura,Hi"]
[Black "Firouzja,Alireza"]
[Result "0-1"]
[WhiteElo "2736"]
[BlackElo "2759"]

1.e4 c6 2.Nf3 d5 3.Nc3 dxe4 4.Nxe4 Nf6 5.Ng3 g6 6.Bc4 Bg7 7.h3 O-O 8.a4 c5
9.O-O Nc6 10.Re1 b6 11.c3 Bb7 12.d3 e6 13.Qe2 Qc7 14.Bg5 h6 15.Bd2 Rad8 16.Rad1 Nd5
17.Bc1 Nf4 18.Qe3 e5 19.Ne2 Nd5 20.Qd2 Nce7 21.Qc2 Bc6 22.Ng3 Rfe8 23.Bb3 Kh7
24.d4 exd4 25.cxd4 Nb4 26.Qc3 Ned5 27.Qd2 Nf6 28.Rxe8 Nxe8 29.Qf4 Qxf4 30.Bxf4 Bxf3
31.gxf3 Rxd4 32.Re1 Rxf4 33.Rxe8 Rxf3 34.Bc4 Bd4 35.Ne2 Bxf2+ 36.Kg2 Rf6
37.Re7 Bd4 38.Bxf7 Nc6 39.Rc7 Rf2+ 40.Kg3 Be5+ 41.Kxf2 Bxc7 42.Bd5 Ne5 43.Be4 Kg7
44.Nc3 Nc4 45.b3 Be5 46.Nb5 Na5 47.Nxa7 Nxb3 48.Nc6 Bc7 49.Bc2 Nd4 50.Nxd4 cxd4
51.Kf3 Kf6 52.h4 g5 53.Bd3 gxh4 54.Kg4 Bg3 55.Be2 Ke5 56.Bd3 Kd5 57.Kf3 Kc5
58.Bb5 Kb4 59.Ke2 Kc3  0-1

[Event "Chess.com SIG Bullet KO"]
[Site "chess.com INT"]
[Date "2021.04.07"]
[Round "2.12"]
[White "Firouzja,Alireza"]
[Black "Nakamura,Hi"]
[Result "1-0"]
[WhiteElo "2759"]
[BlackElo "2736"]

1.e4 g6 2.d4 Bg7 3.Nc3 c6 4.f4 d5 5.e5 h5 6.Nf3 Bg4 7.h3 Bxf3 8.Qxf3 h4 9.f5 gxf5
10.Qxf5 e6 11.Qg4 Bf8 12.Bd3 c5 13.O-O Qd7 14.Rxf7 Ne7 15.Rf6 Nbc6 16.Nb5 O-O-O
17.Nd6+ Kb8 18.Nf7 Rg8 19.Qxe6 Qxe6 20.Rxe6 Rc8 21.dxc5 Nd4 22.Rf6 Rxc5 23.Be3 Nec6
24.c3  1-0

[Event "Chess.com SIG Bullet KO"]
[Site "chess.com INT"]
[Date "2021.04.07"]
[Round "2.14"]
[White "Firouzja,Alireza"]
[Black "Nakamura,Hi"]
[Result "1-0"]
[WhiteElo "2759"]
[BlackElo "2736"]

1.d4 d5 2.c4 Nf6 3.cxd5 Nxd5 4.e4 Nb6 5.Nc3 g6 6.h4 Bg7 7.Be3 Nc6 8.d5 Ne5
9.h5 c6 10.h6 Bf6 11.Nf3 Bg4 12.Be2 Nec4 13.Bc1 Bxf3 14.Bxf3 cxd5 15.exd5 Rc8
16.O-O O-O 17.Qe2 Nd6 18.Rd1 Nf5 19.Ne4 Bh8 20.Bg4 Nd4 21.Qd3 f5 22.Be3 Nc2
23.d6 Nxe3 24.Qxe3 e6 25.Ng5 Qd7 26.Bf3 Rce8 27.Rac1 Na8 28.b4 Bf6 29.Nh3 e5
30.Bd5+ Kh8 31.Ng5 f4 32.Qh3 Qxh3 33.Nxh3 Nb6 34.Be4 Rd8 35.Rc7 Rd7 36.Rxd7 Nxd7
37.f3 Rd8 38.Nf2 Nb6 39.Ng4 Bg5 40.Nxe5 Kg8 41.d7 Bf6 42.Ng4 Kf7 43.Bxb7 Bg5
44.Re1 Nxd7 45.Bc6 Nb6 46.Ne5+ Kf6 47.Ng4+ Kf7 48.Be4 Be7 49.Ne5+ Kf8 50.Nc6 Bxb4
51.Nxb4 Nc4 52.Nc6 Rd6 53.Rc1 Ne3 54.Ne5 Rd2 55.Ng4 Ke7 56.Nxe3 fxe3 57.Re1 e2
58.Kf2 Rxa2 59.Rxe2 Ra3 60.Bxg6+ Kf6 61.Bxh7 Kg5 62.Be4 Kxh6 63.Rd2 Ra5 64.Rd5 Ra2+
65.Ke3 Kg7 66.g4 Kf6 67.Kf4 Ra3 68.Rf5+ Ke6 69.g5 Kd6 70.Rf6+  1-0

[Event "Titled Tuesday 13th Apr"]
[Site "chess.com INT"]
[Date "2021.04.13"]
[Round "1"]
[White "Nakamura,Hi"]
[Black "Hnydiuk,A"]
[Result "1-0"]
[WhiteElo "2736"]
[BlackElo "2407"]

1.Nf3 d5 2.b3 Bf5 3.Bb2 e6 4.g3 Nf6 5.Nh4 Be4 6.f3 Bg6 7.d3 d4 8.c3 c5 9.e4 dxe3
10.Qe2 Nc6 11.Qxe3 Be7 12.Nxg6 hxg6 13.Bg2 Nd5 14.Qe2 Bf6 15.f4 g5 16.fxg5 Bxg5
17.Nd2 Be7 18.O-O O-O 19.a3 Rc8 20.c4 Nb6 21.Qg4 Nd4 22.Bxd4 Qxd4+ 23.Qxd4 cxd4
24.Bxb7 Rb8 25.Bg2 Bg5 26.Ne4 Be3+ 27.Kh1 a5 28.Nc5 Rfc8 29.Na6 Nd7 30.Nxb8 Rxb8
31.Rfb1 Bd2 32.b4 axb4 33.axb4 Rxb4 34.Rxb4 Bxb4 35.Ra8+ Kh7 36.Rd8 Ne5 37.Rxd4 Bc5
38.Rh4+ Kg6 39.d4 Be7 40.dxe5 Bxh4 41.gxh4 Kf5 42.c5 Kxe5 43.Kg1 Kf6 44.Kf2 Ke7
45.Ke3 Kd7 46.Kd4 Kc7 47.h5 Kd7 48.Kc4 Kc7 49.c6 f6 50.Kc5 e5 51.Be4 Kc8
52.Kd6  1-0

[Event "Titled Tuesday 13th Apr"]
[Site "chess.com INT"]
[Date "2021.04.13"]
[Round "2"]
[White "Chernobay,A"]
[Black "Nakamura,Hi"]
[Result "0-1"]
[WhiteElo "2490"]
[BlackElo "2736"]

1.d4 g6 2.c4 Bg7 3.Nc3 c5 4.d5 Bxc3+ 5.bxc3 Qa5 6.Qc2 f5 7.e4 fxe4 8.f3 e3
9.Bxe3 d6 10.Bd3 Nd7 11.f4 Nh6 12.Nf3 Nb6 13.Nh4 Qa4 14.Qe2 Bg4 15.Qf1 Rf8
16.h3 Bf5 17.Nxf5 Nxf5 18.Bf2 Qa3 19.Kd2 O-O-O 20.Qe2 Rfe8 21.g4 e6 22.gxf5 Qb2+
23.Bc2 exd5 24.Qg4 Nxc4+ 25.Kd3 Qb5 26.fxg6+ Kb8 27.Rab1 Qa6 28.Qh5 hxg6
29.Qg5 Ne5+ 30.Ke3 Nf7+  0-1

[Event "Titled Tuesday 13th Apr"]
[Site "chess.com INT"]
[Date "2021.04.13"]
[Round "3"]
[White "Nakamura,Hi"]
[Black "Samadov,Read"]
[Result "1-0"]
[WhiteElo "2736"]
[BlackElo "2332"]

1.e4 c5 2.Nf3 d6 3.c3 Nf6 4.h3 g6 5.Bd3 Bg7 6.Bc2 Nc6 7.O-O e5 8.d4 exd4
9.cxd4 O-O 10.dxc5 dxc5 11.Nc3 Be6 12.Be3 b6 13.Qe2 Re8 14.Rfd1 Qc8 15.Ng5 Nd4
16.Bxd4 cxd4 17.Rxd4 Nh5 18.Nxe6 Qxe6 19.Bb3 Qe7 20.Rc4 Nf4 21.Qf3 Be5 22.Rc6 Rad8
23.Nd5 Nxd5 24.Bxd5 Bxb2 25.Rb1 Be5 26.Rbc1 Kg7 27.h4 h5 28.g3 Rd7 29.Kg2 Rc7
30.Rxc7 Bxc7 31.Qxf7+ Qxf7 32.Bxf7 Kxf7 33.Rxc7+ Kf6 34.Kf3 a5 35.Rc6+ Ke5
36.Rxb6 Kd4 37.Rxg6 Rf8+ 38.Kg2 Kxe4 39.Rg5 a4 40.Rxh5 Rb8 41.Ra5  1-0

[Event "Titled Tuesday 13th Apr"]
[Site "chess.com INT"]
[Date "2021.04.13"]
[Round "4"]
[White "Nakamura,Hi"]
[Black "Seo,Jung Min"]
[Result "1-0"]
[WhiteElo "2736"]
[BlackElo "2453"]

1.e4 c6 2.Nc3 d5 3.Nf3 Nf6 4.e5 Ne4 5.Ne2 e6 6.Ng3 c5 7.c3 Nc6 8.Bd3 Ng5
9.Bb5 Nxf3+ 10.Qxf3 Qc7 11.Bxc6+ Qxc6 12.d3 Be7 13.Nh5 Bf8 14.h4 Qc7 15.Qg3 f5
16.exf6 Qxg3 17.fxg3 g6 18.Ng7+ Kf7 19.Bf4 Kxf6 20.Ne8+ Kf7 21.Nc7 Rb8 22.Nxd5 Ra8
23.Nc7 Rb8 24.Nxe6 Ra8 25.Nc7 Rb8 26.O-O  1-0

[Event "Titled Tuesday 13th Apr"]
[Site "chess.com INT"]
[Date "2021.04.13"]
[Round "5"]
[White "Aravindh,Chithambaram VR."]
[Black "Nakamura,Hi"]
[Result "0-1"]
[WhiteElo "2641"]
[BlackElo "2736"]

1.Nf3 d5 2.b3 c5 3.e3 Nc6 4.Bb2 f6 5.d4 cxd4 6.exd4 Bg4 7.c4 e5 8.dxe5 Bb4+
9.Nbd2 dxc4 10.Bxc4 Bxf3 11.gxf3 Nxe5 12.Bxe5 fxe5 13.Bb5+ Kf8 14.a3 Bc5
15.O-O Nf6 16.Ne4 Bd4 17.Rc1 Nd5 18.Kh1 g6 19.Qd2 Kg7 20.Qg5 a6 21.Bc4 Nf4
22.Qxd8 Rhxd8 23.Rfd1 Bb2 24.Rb1 Bxa3 25.Ng5 Kf6 26.Ne4+ Ke7 27.h4 Bb4 28.Kh2 b5
29.Bf1 Ne6 30.Rxd8 Rxd8 31.Ra1 Nc7 32.Kg3 Ra8 33.Rc1 Ra7 34.Bh3 a5 35.h5 gxh5
36.Kh4 a4 37.bxa4 bxa4 38.Rg1 Ne8 39.Rb1 a3 40.Rxb4 a2  0-1

[Event "Titled Tuesday 13th Apr"]
[Site "chess.com INT"]
[Date "2021.04.13"]
[Round "6"]
[White "Nakamura,Hi"]
[Black "Sanal,V"]
[Result "1-0"]
[WhiteElo "2736"]
[BlackElo "2572"]

1.Nf3 Nf6 2.d4 d5 3.c4 e6 4.Nc3 a6 5.cxd5 exd5 6.Bf4 h6 7.e3 Bd6 8.Bg3 O-O
9.Bd3 c6 10.Qc2 Re8 11.a3 Qe7 12.Ne5 Nbd7 13.f4 Nf8 14.O-O Ne4 15.Bxe4 dxe4
16.f5 Bc7 17.Rae1 Nh7 18.Nxe4 f6 19.Qb3+ Be6 20.fxe6 fxe5 21.Rf7 Qd8 22.Rd7 Qc8
23.Rf1 Nf8 24.Rff7 Rxe6 25.Rxg7+ Kh8 26.Qxe6 Nxe6 27.Rh7+  1-0

[Event "Titled Tuesday 13th Apr"]
[Site "chess.com INT"]
[Date "2021.04.13"]
[Round "7"]
[White "Praggnanandhaa,R"]
[Black "Nakamura,Hi"]
[Result "0-1"]
[WhiteElo "2608"]
[BlackElo "2736"]

1.d4 Nf6 2.c4 e6 3.Nf3 d5 4.Nc3 Be7 5.Bf4 O-O 6.e3 Nbd7 7.c5 c6 8.b4 b6 9.a3 a5
10.Qb1 Bb7 11.Bd3 Qc8 12.g4 g6 13.h4 axb4 14.axb4 Rxa1 15.Qxa1 Nxg4 16.h5 bxc5
17.bxc5 Qa8 18.Qc1 Ba6 19.Bb1 Qb7 20.hxg6 hxg6 21.e4 f5 22.e5 Rb8 23.Ng5 Bxg5
24.Bxg5 Qb4 25.f3 Qxd4 26.fxg4 Nxe5 27.Qe3 Qxe3+ 28.Bxe3 d4 29.Ba2 dxe3 30.Bxe6+ Kg7
31.gxf5 Rb2 32.Kd1 e2+  0-1

[Event "Titled Tuesday 13th Apr"]
[Site "chess.com INT"]
[Date "2021.04.13"]
[Round "8"]
[White "Nakamura,Hi"]
[Black "Jobava,Ba"]
[Result "1-0"]
[WhiteElo "2736"]
[BlackElo "2603"]

1.Nf3 d5 2.e3 c6 3.c4 Nf6 4.d4 Nbd7 5.cxd5 cxd5 6.Nc3 Nb6 7.a4 Bg4 8.a5 Nbd7
9.Qb3 Bxf3 10.gxf3 Rb8 11.Nxd5 Nxd5 12.Qxd5 e6 13.Qb3 Bd6 14.f4 O-O 15.Bd2 b6
16.a6 Qe7 17.Bg2 f5 18.Rc1 Nf6 19.O-O h6 20.Rc6 Rfd8 21.Rfc1 Kh7 22.Qd3 Qf7
23.Qe2 Rd7 24.Kh1 Rbd8 25.Rc8 Qg6 26.Rxd8 Rxd8 27.Bf3 Rd7 28.Rg1 Qf7 29.Qd3 Rc7
30.b4 Kh8 31.b5 Qe8 32.h3 Qc8 33.Qb1 Qe8 34.Rc1 Rxc1+ 35.Bxc1 Ne4 36.Bxe4 fxe4
37.Qxe4 Qxb5 38.Kg2 Qc4 39.Bd2 Qxa6 40.Qxe6 b5 41.e4 Qb6 42.d5 Qd4 43.Be3 Qb4
44.e5 Bf8 45.d6 Qe4+ 46.Kh2 Qd3 47.d7 Kh7 48.Qe8  1-0

[Event "Titled Tuesday 13th Apr"]
[Site "chess.com INT"]
[Date "2021.04.13"]
[Round "9"]
[White "Andreikin,D"]
[Black "Nakamura,Hi"]
[Result "0-1"]
[WhiteElo "2725"]
[BlackElo "2736"]

1.d4 g6 2.e4 Bg7 3.Nf3 c6 4.Nc3 d5 5.h3 dxe4 6.Nxe4 Nf6 7.Nxf6+ exf6 8.Bc4 O-O
9.O-O Nd7 10.Re1 b5 11.Bb3 Nb6 12.Bf4 a5 13.a3 a4 14.Ba2 Bf5 15.Qd2 Qd7 16.Re2 Rfe8
17.Rae1 Rxe2 18.Qxe2 Nd5 19.Bxd5 cxd5 20.c3 g5 21.Bg3 Bf8 22.Nd2 h6 23.Qf3 Ra6
24.Re3 Bg6 25.Bh2 Re6 26.Rxe6 Qxe6 27.Qe3 Qd7 28.Bb8 h5 29.Nf1 Qe6 30.Ba7 Bd6
31.Bc5 Bf4 32.Qxe6 fxe6 33.Ne3 h4 34.Kf1 Bd3+ 35.Ke1 Kf7 36.Ba7 Be4 37.Kf1 Bd6
38.f3 Bd3+ 39.Ke1 Bf4 40.Kf2 Bg3+ 41.Kg1 Be1 42.Bc5 Bd2 43.Kf2 Bc1 44.Nd1 Bc4
45.Bb4 Bd2 46.Ne3 Bd3 47.Nd1 Kg6 48.Bd6 Bc1 49.Bb4 Bc2 50.Ke2 Bb3 51.Ke1 f5
52.Ke2 Bc4+ 53.Ke1 g4 54.Bd6 Bb3 55.f4 g3 56.Be5 Bxd1 57.Kxd1 Bxb2 58.Kc2 Bxa3
59.Kb1 Be7 60.Ka2 Kf7 61.Kb2 Ke8 62.Ka2 Kd7 63.Kb2 Bd6 64.Ka2 Bxe5  0-1

[Event "Titled Tuesday 13th Apr"]
[Site "chess.com INT"]
[Date "2021.04.13"]
[Round "10"]
[White "Nakamura,Hi"]
[Black "Le Tuan Minh"]
[Result "1/2-1/2"]
[WhiteElo "2736"]
[BlackElo "2514"]

1.Nf3 d5 2.e3 Nf6 3.c4 c6 4.d4 Bg4 5.h3 Bxf3 6.Qxf3 e6 7.Bd3 Nbd7 8.O-O Bd6
9.Nc3 O-O 10.e4 dxe4 11.Nxe4 Nxe4 12.Qxe4 Nf6 13.Qe2 Bc7 14.Rd1 Qd6 15.g3 Rad8
16.Be3 Qe7 17.Bc2 Rd7 18.Rd3 Rfd8 19.Rad1 h6 20.Kg2 Bb6 21.a3 a5 22.Qf3 Ba7
23.h4 Bb8 24.Bd2 Bc7 25.Bc3 Bb6 26.h5 Nh7 27.Qe2 Nf6 28.R3d2 Bc7 29.Qf3 Bb6
30.Qe2 Bc7 31.Qd3 Bb6 32.d5 cxd5 33.cxd5 Rxd5 34.Qf3 Rxd2 35.Rxd2 Rxd2 36.Bxd2 Qc5
37.Bd3 Qd5 38.Qxd5 Nxd5 39.Be4 Kf8 40.g4 Bc7 41.Kf3 b6 42.Ke2 Be5 43.b3 Ke7
44.a4 Kd6 45.Kd3 Nf4+ 46.Kc4 Nd5 47.Kb5 Bd4 48.f3 Nc3+ 49.Bxc3 Bxc3  1/2-1/2

[Event "Titled Tuesday 13th Apr"]
[Site "chess.com INT"]
[Date "2021.04.13"]
[Round "11"]
[White "Xiong,Jeffery"]
[Black "Nakamura,Hi"]
[Result "1/2-1/2"]
[WhiteElo "2709"]
[BlackElo "2736"]

1.e4 e5 2.Nf3 Nc6 3.Bb5 Nf6 4.O-O Nxe4 5.d4 Nd6 6.dxe5 Nxb5 7.a4 Nbd4 8.Nxd4 Nxd4
9.Qxd4 d5 10.Qd3 c6 11.a5 Be6 12.Be3 Be7 13.Nd2 Qc7 14.f4 g6 15.Qc3 c5 16.b4 Rc8
17.bxc5 Bxc5 18.Nb3 b6 19.axb6 Bxb6 20.Qe1 O-O 21.Rf2 Bf5 22.Nd4 Qd7 23.h3 Rc4
24.c3 Rfc8 25.Ra3 Bc5 26.Rb3 a5 27.Rfb2 Bf8 28.Rb7 R4c7 29.Rxc7 Rxc7 30.g4 Be4
31.f5 Rb7 32.e6 fxe6 33.fxe6 Qc8 34.Rxb7 Qxb7 35.Qa1 Qc7 36.Qe1 a4 37.Qf2 Qe7
38.Bg5 Qe8 39.Qf4 a3 40.Qc7 a2 41.Qa7 Bb1 42.Bf6 h6 43.h4 Be4 44.Qxa2 Qb8
45.Qf2 Qb1+ 46.Qf1 Bc5 47.Be5 h5 48.gxh5 gxh5 49.Qxb1 Bxb1 50.Kf2 Bxd4+ 51.cxd4 Bf5
52.e7 Kf7 53.Ke3 Kxe7 54.Kf4 Bg4 55.Kg5 Ke6 56.Kf4  1/2-1/2

[Event "NIC Classic Prelim 2021"]
[Site "chess24.com INT"]
[Date "2021.04.24"]
[Round "1.6"]
[White "Nakamura,Hi"]
[Black "Mamedyarov,S"]
[Result "1-0"]
[WhiteElo "2736"]
[BlackElo "2770"]

1.e4 e5 2.Nf3 Nc6 3.Bb5 a6 4.Ba4 Nf6 5.O-O Nxe4 6.d4 b5 7.Bb3 d5 8.dxe5 Be6
9.Nbd2 Nc5 10.c3 d4 11.Bxe6 Nxe6 12.cxd4 Ncxd4 13.a4 Bb4 14.axb5 Nxb5 15.Qa4 Bxd2
16.Bxd2 O-O 17.Rfd1 c5 18.Be3 Qb6 19.Rac1 a5 20.Qc4 Rac8 21.Ng5 Nxg5 22.Bxg5 Qb7
23.Be3 Rfe8 24.Qd5 Qb8 25.Rxc5 Rcd8 26.Qf3 h6 27.Rxd8 Rxd8 28.h3 Nd4 29.Bxd4 Rxd4
30.Rxa5 Rd8 31.b3 Qb4 32.Ra8 Qe1+ 33.Kh2 Qxe5+ 34.g3 Rxa8 35.Qxa8+ Kh7 36.Qf3 f5
37.b4 Qb5 38.Qc3 Qe2 39.Qc5 Qe4 40.b5 f4 41.g4 Qf3 42.b6 g6 43.Qc2 Kg8 44.Qxg6+  1-0